[Event "Wattens op 11th"]
[Site "Wattens"]
[Date "1996.??.??"]
[Round "3"]
[White "Hillgarter, Christoph"]
[Black "Lentner, Gerwald"]
[Result "1/2-1/2"]
[WhiteElo "1865"]
[BlackElo "1690"]
[PlyCount "60"]
[EventDate "1996.??.??"]
[EventType "swiss"]
[EventRounds "9"]
[EventCountry "AUT"]
[SourceTitle "EXT 2000"]
[Source "ChessBase"]
[SourceDate "1999.11.16"]
[SourceVersion "1"]
[SourceVersionDate "1999.11.16"]
[SourceQuality "1"]

1. e4 Nf6 2. e5 Nd5 3. d4 d6 4. c4 Nb6 5. exd6 exd6 6. Be3 Bf5 7. Qf3 Qc8 8. c5 dxc5 9. dxc5 Bxb1 10. Rxb1 N6d7 11. Bc4 Nf6 12. Nh3 Nc6 13. Bb5 Qe6 14. Ng5 Qd5 15. Rd1 Qxf3 16. Nxf3 Nd7 17. b4 Be7 18. Bf4 0-0-0 19. Bxc6 bxc6 20. Nd4 Nb8 21. Ke2 Bf6 22. Nc2 Rhe8+ 23. Kf3 g5 24. Be3 Nd7 25. Bd4 Bxd4 26. Nxd4 Ne5+ 27. Kg3 Rd5 28. Nc2 Red8 29. Ne3 Rd3 30. h3 Nc4 1/2-1/2

[Event "Wattens op 11th"]
[Site "Wattens"]
[Date "1996.??.??"]
[Round "1"]
[White "Jedinger, Andreas"]
[Black "Lentner, Gerwald"]
[Result "1-0"]
[WhiteElo "2100"]
[BlackElo "1690"]
[PlyCount "73"]
[EventDate "1996.??.??"]
[EventType "swiss"]
[EventRounds "9"]
[EventCountry "AUT"]
[SourceTitle "EXT 2000"]
[Source "ChessBase"]
[SourceDate "1999.11.16"]
[SourceVersion "1"]
[SourceVersionDate "1999.11.16"]
[SourceQuality "1"]

1. Nf3 Nf6 2. c4 b6 3. g3 Ba6 4. b3 e6 5. Bg2 Bb7 6. 0-0 c5 7. Nc3 Be7 8. e3 0-0 9. d4 a6 10. Bb2 d6 11. Qe2 Qc7 12. e4 cxd4 13. Nxd4 Nc6 14. Rad1 Rad8 15. Nc2 Rd7 16. Ne3 Qd8 17. f4 Qb8 18. g4 Rfd8 19. g5 Ne8 20. Qh5 g6 21. Qh4 Bf8 22. f5 Ne5 23. f6 h5 24. gxh6 Kh7 25. Ne2 Qc7 26. Nf4 b5 27. Nh3 bxc4 28. Ng5+ Kh8 29. Nxc4 Ba8 30. Nxe6 fxe6 31. f7 Rxf7 32. Rxf7 Qxf7 33. Nxe5 dxe5 34. Bxe5+ Kh7 35. Qxd8 Bc6 36. Qc8 Bc5+ 37. Kh1 1-0

[Event "Wattens op 11th"]
[Site "Wattens"]
[Date "1996.??.??"]
[Round "5"]
[White "Larcher, Hans"]
[Black "Lentner, Gerwald"]
[Result "1-0"]
[WhiteElo "1950"]
[BlackElo "1690"]
[PlyCount "71"]
[EventDate "1996.??.??"]
[EventType "swiss"]
[EventRounds "9"]
[EventCountry "AUT"]
[SourceTitle "EXT 2000"]
[Source "ChessBase"]
[SourceDate "1999.11.16"]
[SourceVersion "1"]
[SourceVersionDate "1999.11.16"]
[SourceQuality "1"]

1. c4 b6 2. Nc3 e6 3. d4 Bb7 4. e3 Nf6 5. Nf3 d5 6. a3 Be7 7. cxd5 exd5 8. Bd2 Nbd7 9. Bd3 Ne4 10. Qc2 Nxc3 11. bxc3 h6 12. 0-0 0-0 13. Bc1 Nf6 14. Nd2 Bd6 15. f3 Re8 16. e4 dxe4 17. fxe4 Nd7 18. Bc4 Rf8 19. e5 Nxe5 20. dxe5 Bxe5 21. Nf3 Bf6 22. Bb2 c5 23. Rad1 Qc7 24. Qf5 Bc8 25. Qh5 Qf4 26. Be2 Bg4 27. Qd5 Qe3+ 28. Rf2 Rad8 29. Qb3 Rxd1+ 30. Bxd1 Bxf3 31. Bxf3 Rd8 32. Qc2 Rd3 33. Kf1 Bxc3 34. Re2 Qd4 35. Re8+ Kh7 36. Bxc3 1-0